| 000 | 00490nam a2200169Ia 4500 | ||
|---|---|---|---|
| 999 |
_c1275 _d1275 |
||
| 003 | OSt | ||
| 005 | 20200922143227.0 | ||
| 008 | 190216s9999||||xx |||||||||||||| ||und|| | ||
| 040 | _coclc | ||
| 082 |
_a581 _bPAN/T |
||
| 100 |
_aPandey, B P _94781 |
||
| 245 | 0 |
_aA Textbook Of Botany: _bBryophyta, Pteridophyta And Gymnosperms / _cB P Pandey |
|
| 260 |
_bK Nath & Co, _c1978. _aMeerut: |
||
| 300 | _a197p | ||
| 650 | _aBotany | ||
| 942 |
_cBK _2ddc _h581 _iPAN/T _k581 _mPAN/T |
||